000 00974nam a2200241 a 4500
001 38254
003 BD-RjUL
005 20211209052746.0
008 151018s1997 bg a|||| |||| 00| 0 ben d
020 _a9844010195
035 _a(BD-RjUL)38359
040 _aBD-RjUL
_bben
_cBD-RjUL
041 _aben
082 _223
_a954.9205
_bEKA 1997
245 _aএকাত্তরের বিজয় গাথা /
_cমুনতাসীর মামুন সম্পাদিত
260 _aঢাকা :
_bআগামী প্রকাশনী,
_c১৯৯৭.
300 _axiv, ১৭৬ পৃৃ. :
_bচিত্র ;
_c২২ সেমি.
650 _aবাংলাদেশ
_xইতিহাস
_yমুক্তিযুদ্ধ, ১৯৭১
_9118261
650 _aBangladesh
_xHistory
_yRevolution, 1971
_9118262
650 _aLiberation war
_zBangladesh
_9118264
700 _aমামুন, মুনতাসীর
_9226775
942 _2ddc
_cBK
999 _c38254
_d38254